| 000 | 00498nam a22001937a 4500 | ||
|---|---|---|---|
| 003 | OSt | ||
| 005 | 20160613140949.0 | ||
| 008 | 160613b xxu||||| |||| 00| 0 eng d | ||
| 020 | _a9780470041796 | ||
| 040 | _cDDC | ||
| 082 | _a004.56 THA 2007 | ||
| 100 |
_aThangarathinam, Thiru _99377 |
||
| 245 | _aProfessional ASP.NET 2.0 Databases | ||
| 260 | _aIndianapolis; Wiley, 2007 | ||
| 300 | _axxii, 504p; ill: 24cm | ||
| 504 | _aIndex included | ||
| 650 |
_aDatabases _95606 |
||
| 942 |
_2z _cO_SHELF |
||
| 999 |
_c4345 _d4345 |
||